<?xml version="1.0" encoding="UTF-8"?>
<record
    xmlns:xsi="http://www.w3.org/2001/XMLSchema-instance"
    xsi:schemaLocation="http://www.loc.gov/MARC21/slim http://www.loc.gov/standards/marcxml/schema/MARC21slim.xsd"
    xmlns="http://www.loc.gov/MARC21/slim">

  <leader>01526namaa22003251i 4500</leader>
  <controlfield tag="005">20260211125800.0</controlfield>
  <controlfield tag="008">260104s1995    ua a|||frm||| 000 0 eng d</controlfield>
  <datafield tag="040" ind1=" " ind2=" ">
    <subfield code="a">EG-GICUC</subfield>
    <subfield code="b">eng</subfield>
    <subfield code="c">EG-GICUC</subfield>
    <subfield code="d">EG-GICUC</subfield>
    <subfield code="e">rda</subfield>
  </datafield>
  <datafield tag="041" ind1="0" ind2=" ">
    <subfield code="a">eng</subfield>
    <subfield code="b">eng</subfield>
    <subfield code="b">ara</subfield>
  </datafield>
  <datafield tag="049" ind1=" " ind2=" ">
    <subfield code="a">Deposit</subfield>
  </datafield>
  <datafield tag="097" ind1=" " ind2=" ">
    <subfield code="a">M.Sc</subfield>
  </datafield>
  <datafield tag="099" ind1=" " ind2=" ">
    <subfield code="a">Cai01.13.12.M.Sc.1995.Ah.N.</subfield>
  </datafield>
  <datafield tag="100" ind1="0" ind2=" ">
    <subfield code="a">Ahmed M. Abd EL-Mawla,</subfield>
    <subfield code="e">preparation.</subfield>
  </datafield>
  <datafield tag="245" ind1="1" ind2="0">
    <subfield code="a">A New Multiple-Corelation Approach Improves Pressure Loss Calculations For Multiphase Flow In Oil Wells /</subfield>
    <subfield code="c">By Ahmed M. Abd EL-Mawla; Under The Supervision Of Prof. Dr. Mohamed H. Sayyouh, Dr. Tarek D. A. Darwich, Dr. Khaled A. Abd EL-Fattah.</subfield>
  </datafield>
  <datafield tag="246" ind1="1" ind2="5">
    <subfield code="a">&#x645;&#x639;&#x627;&#x645;&#x644;&#x627;&#x62A; &#x631;&#x628;&#x637; &#x62C;&#x62F;&#x64A;&#x62F;&#x647; &#x644;&#x62A;&#x62D;&#x633;&#x64A;&#x646; &#x62D;&#x633;&#x627;&#x628;&#x627;&#x62A; &#x627;&#x644;&#x641;&#x642;&#x62F; &#x641;&#x64A; &#x636;&#x63A;&#x637; &#x627;&#x644;&#x633;&#x631;&#x64A;&#x627;&#x646; &#x627;&#x644;&#x645;&#x62A;&#x639;&#x62F;&#x62F; &#x627;&#x644;&#x623;&#x637;&#x648;&#x627;&#x631; &#x641;&#x64A; &#x622;&#x628;&#x627;&#x631; &#x627;&#x644;&#x632;&#x64A;&#x62A; </subfield>
  </datafield>
  <datafield tag="264" ind1=" " ind2="0">
    <subfield code="c">1995.</subfield>
  </datafield>
  <datafield tag="300" ind1=" " ind2=" ">
    <subfield code="a">122 pages : </subfield>
    <subfield code="b">illustrations ;</subfield>
    <subfield code="c">25 cm. + </subfield>
  </datafield>
  <datafield tag="336" ind1=" " ind2=" ">
    <subfield code="2">rda content</subfield>
    <subfield code="a">text</subfield>
  </datafield>
  <datafield tag="337" ind1=" " ind2=" ">
    <subfield code="2">rdamedia</subfield>
    <subfield code="a">Unmediated</subfield>
  </datafield>
  <datafield tag="338" ind1=" " ind2=" ">
    <subfield code="2">rdacarrier</subfield>
    <subfield code="a">volume</subfield>
  </datafield>
  <datafield tag="502" ind1=" " ind2=" ">
    <subfield code="a">Thesis (M.Sc.) -Cairo University, 1995.  </subfield>
  </datafield>
  <datafield tag="504" ind1=" " ind2=" ">
    <subfield code="a">Bibliography: pages 120-122. </subfield>
  </datafield>
  <datafield tag="653" ind1=" " ind2="0">
    <subfield code="a">Petroleum Engineering </subfield>
  </datafield>
  <datafield tag="700" ind1="0" ind2=" ">
    <subfield code="a">Mohamed H. Sayyouh</subfield>
    <subfield code="e">thesis advisor.</subfield>
  </datafield>
  <datafield tag="700" ind1="0" ind2=" ">
    <subfield code="a">Tarek D. A. Darwich </subfield>
    <subfield code="e">thesis advisor.</subfield>
  </datafield>
  <datafield tag="700" ind1="0" ind2=" ">
    <subfield code="a">Khaled A. Abd EL-Fattah</subfield>
    <subfield code="e">thesis advisor.</subfield>
  </datafield>
  <datafield tag="900" ind1=" " ind2=" ">
    <subfield code="D">Department of Petroleum Engineering </subfield>
    <subfield code="F">Faculty of  Engineering </subfield>
    <subfield code="U">Cairo University</subfield>
    <subfield code="b">1995</subfield>
    <subfield code="c">Mohamed H. Sayyouh</subfield>
    <subfield code="c">Tarek D. A. Darwich </subfield>
    <subfield code="c">Khaled A. Abd EL-Fattah</subfield>
  </datafield>
  <datafield tag="905" ind1=" " ind2=" ">
    <subfield code="a">Eman El gebaly </subfield>
    <subfield code="e">Nourhan</subfield>
  </datafield>
  <datafield tag="942" ind1=" " ind2=" ">
    <subfield code="2">ddc</subfield>
    <subfield code="c">TH</subfield>
    <subfield code="e">21</subfield>
    <subfield code="n">0</subfield>
  </datafield>
  <datafield tag="999" ind1=" " ind2=" ">
    <subfield code="c">177344</subfield>
  </datafield>
  <datafield tag="952" ind1=" " ind2=" ">
    <subfield code="2">ddc</subfield>
    <subfield code="9">313208</subfield>
    <subfield code="a">CUCL</subfield>
    <subfield code="b">100</subfield>
    <subfield code="d">2026-01-04</subfield>
    <subfield code="i">27549</subfield>
    <subfield code="o">Cai01.13.12.M.Sc.1995.Ah.N.</subfield>
    <subfield code="p">01010110027549000</subfield>
    <subfield code="r">2026-01-04 10:12:19</subfield>
    <subfield code="w">2026-01-04</subfield>
    <subfield code="y">TH</subfield>
  </datafield>
</record>
